Downtown downturn (Record no. 69126)

MARC details
000 -LEADER
fixed length control field 01103cam a2200229 4500
001 - CONTROL NUMBER
control field ABS64880
008 - FIXED-LENGTH DATA ELEMENTS--GENERAL INFORMATION
fixed length control field 011217n2001 000 0 eng u
035 ## - SYSTEM CONTROL NUMBER
System control number (Sirsi) u116018
100 ## - MAIN ENTRY--PERSONAL NAME
Personal name Catalano, A.
245 ## - TITLE STATEMENT
Title Downtown downturn
260 ## - PUBLICATION, DISTRIBUTION, ETC.
Date of publication, distribution, etc. 2001
490 ## - SERIES STATEMENT
Series statement Estates Gazette
Volume/sequential designation (0147) 24 November 2001, 61-62(2)
520 ## - SUMMARY, ETC.
Summary, etc. Analysis of the central London office market which is experiencing a surge in availability accompanied by falling rents. The 3Q 2001 figures show that total take-up fell by 40% on the previous quarter but 3.5m sq ft flooded onto the market, much of it secondhand. Concludes that the arguably the reality of the market is better than the statistics suggest as the factors such as the vacancy rate are still low by historic standards. With tables of central London offices take ups and availability.
590 ## - LOCAL NOTE (RLIN)
Local note ABS
650 ## - SUBJECT ADDED ENTRY--TOPICAL TERM
Topical term or geographic name entry element OFFICE SPACE
650 ## - SUBJECT ADDED ENTRY--TOPICAL TERM
Topical term or geographic name entry element LONDON OFFICE DATABASE
650 ## - SUBJECT ADDED ENTRY--TOPICAL TERM
Topical term or geographic name entry element OCCUPIERS
650 ## - SUBJECT ADDED ENTRY--TOPICAL TERM
Topical term or geographic name entry element DOCKLANDS
650 ## - SUBJECT ADDED ENTRY--TOPICAL TERM
Topical term or geographic name entry element MANAGEMENT-BUSINESS MANAGEMENT
690 ## - LOCAL SUBJECT ADDED ENTRY--TOPICAL TERM (OCLC, RLIN)
Topical term or geographic name as entry element PROPERTY-COMMERCIAL PROPERTY-COMMERCIAL PROPERTY MARKET
942 ## - ADDED ENTRY ELEMENTS (KOHA)
Suppress in OPAC 0
Holdings
Withdrawn status Lost status Source of classification or shelving scheme Damaged status Not for loan Home library Current library Shelving location Date acquired Total Checkouts Full call number Barcode Date last seen Copy number Price effective from Koha item type
    Dewey Decimal Classification     London London Journal article 17/12/2001   ABS64880 116018-1001 06/08/2019 1 06/08/2019 Journal article